| Record ID | ia:applicationsofgr0000unse |
| Source | Internet Archive |
| Download MARC XML | https://archive.org/download/applicationsofgr0000unse/applicationsofgr0000unse_marc.xml |
| Download MARC binary | https://www.archive.org/download/applicationsofgr0000unse/applicationsofgr0000unse_meta.mrc |
LEADER: 03608cam 2200553 i 4500
001 ocm00050986
003 OCoLC
005 20200325142602.0
008 700116s1969 maua b 001 0 eng
010 $a 69013191
040 $aDLC$beng$cDLC$dOCL$dOCLCQ$dMUQ$dBTCTA$dBAKER$dYDXCP$dOCLCG$dMCW$dGBVCP$dOCLCF$dOCLCQ$dOCLCO$dCNUTO$dOCLCQ$dCEF$dTKN$dCSO$dXFF$dLHU$dERR$dOCLCQ$dCPO$dNAM$dPAU$dSNN$dNJR$dAU@$dWYU$dDXU$dUWO$dLVT$dYOU$dOCLCQ
019 $a221919605$a253691165$a977636235$a1080717118
035 $a(OCoLC)50986$z(OCoLC)221919605$z(OCoLC)253691165$z(OCoLC)977636235$z(OCoLC)1080717118
041 1 $aeng$hrus
050 00 $aQC174.5$b.P4813
055 3 $aQC174.5$bP4813
082 00 $a530.12/01/51286
100 1 $aPetrashenʹ, M. I.$q(Marii︠a︡ Ivanovna)
240 10 $aPrimenenie teorii grupp v kvantovoĭ mekhanike.$lEnglish
245 10 $aApplications of group theory in quantum mechanics /$cby M.I. Petrashen and E.D. Trifonov ; translated by S. Chomet ; edited and revised by J.L. Martin.
260 $aCambridge, Mass. :$bM.I.T. Press,$c1969.
300 $a6, 318 pages :$billustrations ;$c23 cm
336 $atext$btxt$2rdacontent
337 $aunmediated$bn$2rdamedia
338 $avolume$bnc$2rdacarrier
500 $aTranslation of Primenenie teorii grupp v kvantovoĭ mekhanike.
504 $aIncludes bibliographical references (page 307) and index.
505 0 $aIntroduction -- Abstract groups -- Representations of point groups -- Composition of representations and the direct products of groups -- Wigner's theorem -- Point groups -- Decomposition of a reducible representation into an irreducible representation -- Space groups and their irreducible representations -- Classification of the vibrational and electronic states of a crystal -- Continuous groups -- Irreducible representations of the three-dimensional rotation group -- The properties of irreducible representations of the rotation group -- Some applications of the theory of representation of the rotation group in quantum mechanics -- Additional degeneracy in a spherically symmetric field -- Permutation groups -- Symmetrized powers of representations -- Symmetry properties of multi-electron wave functions -- Symmetry properties of wave functions for a system of identical particles with arbitrary spins -- Classification of the states of a multi-electron atom -- Applications of group theory to problems connected with the perturbation theory -- Selection rules -- The Lorentz group and its irreducible representations -- The Dirac equation.
650 0 $aGroup theory.
650 0 $aQuantum theory.
650 6 $aGroupes, Théorie des.
650 6 $aThéorie quantique.
650 7 $aGroup theory.$2fast$0(OCoLC)fst00948521
650 7 $aQuantum theory.$2fast$0(OCoLC)fst01085128
653 0 $aGroup theory
653 0 $aQuantum theory
700 1 $aTrifonov, E. D.$q(Evgeniĭ Dmitrievich),$eauthor.
776 08 $iOnline version:$aPetrashenʹ, M.I. (Marii︠a︡ Ivanovna).$sPrimenenie teorii grupp v kvantovoĭ mekhanike. English.$tApplications of group theory in quantum mechanics.$dCambridge, Mass., M.I.T. Press [1969]$w(OCoLC)593912049
938 $aBaker & Taylor$bBKTY$c14.95$d14.95$i0262160331$n0007474900$sactive
938 $aBaker and Taylor$bBTCP$nBK0007474900
938 $aYBP Library Services$bYANK$n1985933
029 1 $aAU@$b000000032374
029 1 $aAU@$b000009705963
029 1 $aGBVCP$b117223832
029 1 $aHEBIS$b091583403
029 1 $aNLGGC$b781561159
029 1 $aNZ1$b3599182
994 $aZ0$bP4A
948 $hNO HOLDINGS IN P4A - 357 OTHER HOLDINGS